Регионална библиотека "Любен Каравелов" - Русе

Моята първа Библия в картинки (Запис номер 84096)

MARC детайли
000 -Лидер
Контролно поле с фиксирана дължина 01736nam a2200421 c 4500
003 - Код на организацията, давaща контролен номер
Контролно поле BLK
005 - Дата и час на последна редакция
Контролно поле 20220630120140.0
008 - Елементи от данни с фиксирана дължина
fixed length control field 180408b bul|||||r ||||||| ||bul||
010 ## - Наследен системен номер
LC control number KNG00088662000
020 ## - Международен стандартен номер на книга ISBN
Международен стандартен номер на книга ISBN 91-7165-209-4
-- издат.: Intern. Bible Soc.
040 ## - Източник на каталожния запис
Идентификатор на билиотеката - собственик на записа BLK
041 ## - Код за език
Код за езика на текст/звукозапис или на отделно заглавие Български
Код за езика КДБФ Български
Други езици Английски
080 ## - УДК
Текстов определител УДК Свещено писание. Библия. Стар и Нов завет
УДК код - определител по УДК 22
УДК определител
УДК - код + определител 22
080 ## - УДК
Текстов определител УДК Религиозна литература. Учебници по вероучение (религия)
УДК код - определител по УДК 244
УДК определител (076)
УДК - код + определител 244(076)
100 1# - Редна дума - Автор
Автор Тейлър, Кенет Н.
Авторска отговорност първи автор
R(LIN) 301253
139 ## - Редно поле
Редна дума Тейлър, Кенет
Авторски знак Те - Т 45
245 10 - Сведения за заглавието
Заглавие Моята първа Библия в картинки
Подзаглавни данни Уч. помагало по религия
Редно поле (дума) Кенет Н. Тейлър; ил. Ричард Хук; ил. Франсис Хук.
246 11 - Различни форми на заглавието
Паралелно заглавие My First Bible in Pictures
257 ## - Страна на издаване
Страна на създаване/издаване Швеция
260 ## - Област на издателските данни
-- Herrljunga
Име на издателя, разпространителя и проч. Intern. Bible Soc.
Година на издаване 2007
Печатница отпеч. в Словакия
300 ## - Физическа характеристика
Страници 256 с.
Илюстрации и др. с цв. ил.
Размери/Мащаб 18 см
380 ## - Жанр
Жанр Детска отраслова лит.
500 ## - Общи забележки
Забележка Парал. текст на англ. ез. - Съдържа и за авт.
650 #4 - Допълнително описание по предмет – тема
Основно описание – тема или топоним Библия
9 (RLIN) 148564
650 #4 - Допълнително описание по предмет – тема
Основно описание – тема или топоним Вероучение
9 (RLIN) 150548
653 ## - Ключова дума – ненормативна
Ключова дума Библия
653 ## - Ключова дума – ненормативна
Ключова дума вероучение
653 ## - Ключова дума – ненормативна
Ключова дума литература за деца
653 ## - Ключова дума – ненормативна
Ключова дума детска литература
700 1# - Други автори (авторска отговорност)
Лично име Хук, Ричард
Автороска отговорност (Описва отношението между автора и произведението) ил.
9 (RLIN) 285377
700 1# - Други автори (авторска отговорност)
Лично име Хук, Франсис
Автороска отговорност (Описва отношението между автора и произведението) ил.
9 (RLIN) 301254
720 ## - Неконтролирано име
Паралелен автор Kenneth N. Taylor
Ключова дума за отношение (Описва отношението между автора и произведението) паралелен автор
852 ## - Местоположение
Форматна сигнатура Цб І 33277
856 4# - Електронен адрес и достъп
Електронен формат pdf - файл
Път до файла /url/
856 4# - Електронен адрес и достъп
Електронен формат pdf - файл
Път до файла /url/
942 ## - АРТИКУЛИ
Вид на библиотечния материал Книги
Скрит в OPAC Не
Koha issues (borrowed), all copies 2
944 ## - СЪЗДАВАНЕ И РЕДАКЦИЯ на ЗАПИСА
Създаване/Редакция Създаване
Дата на регистрацията/редакция 31.03.2009
Статус, дата на статуса ф /
Служител, извършил регистрацията/редакцията Валя_Йорданова
944 ## - СЪЗДАВАНЕ И РЕДАКЦИЯ на ЗАПИСА
Създаване/Редакция Редакция
Дата на регистрацията/редакция 01.03.2012
Статус, дата на статуса ф /
Служител, извършил регистрацията/редакцията
999 ## - СИСТЕМНИ КОНТРОЛНИ НОМЕРА
Koha biblionumber 84096
Koha biblioitemnumber 84096
Наличности
Код за отписване Код за изгубен артикул Код за повреда Коз за рестрикции Код за отдаване Артикулен № Име на библиотеката - собственик Име на библиотеката, в която се намира в момента Статус (Текущо местоположение) Дата на вписване в системата Местоположение - отдел Цена в лева Инвентарен номер Систематично азбучна сигнатура Баркод Номер на екземпляра Цена в евро Служебна бележка Служебен тип на артикула Източник на класификационната схема
  Не е изгубен Не е повреден без рестрикции заемане за дома 136535 Регионална библиотека "Любен Каравелов" Русе Регионална библиотека "Любен Каравелов" Русе Детски отдел 2009-03-27 Детски отдел 6.00 120000734650 ДН 2/Т 45 120000734650 1 3.07 Дост: DA Вид: А N: 4 Дата: 27.03.2009 Дата инв: 26.08.2015 Бележки инв: Д2015 Книги  
Изтеглен Не е изгубен Не е повреден без рестрикции заемане за дома 136536 Регионална библиотека "Любен Каравелов" Русе Регионална библиотека "Любен Каравелов" Русе Детски отдел 2009-03-27 Детски отдел 6.00 120000734651 ДН 2/Т 45 120000734651 2 3.07 Дост: DA Вид: А N: 4 Дата: 27.03.2009 Книги Universal Decimal Classification
Vip Innovations Ltd, Rousse, Bulgaria 2025